| 000 | 00860cam a2200253 4500 | ||
|---|---|---|---|
| 999 |
_c6330 _d6330 |
||
| 003 | OSt | ||
| 005 | 20200314162643.0 | ||
| 008 | 721002s1972 riu b 000 0 eng | ||
| 020 | _a0-8218-1664-0 | ||
| 040 |
_aDDC _cDDC _dTSSD _bEnglish |
||
| 082 | _a512.55 HEL | ||
| 100 | 1 | _aHelgason, Sigurdur, | |
| 245 | 1 | 0 |
_aAnalysis of Lie groups and homogeneous spaces _cSigurdur Helgason |
| 260 |
_aProvidence : _bPublished for the Conference Board of the Mathematical Sciences by the American Mathematical Society, _cc1971 |
||
| 300 |
_avi, 64 p.: _c26 cm |
||
| 504 | _aInclude bibliographies | ||
| 650 | 0 | _aLie groups | |
| 650 | 0 | _aDifferential equations | |
| 650 | 0 | _aHarmonic analysis | |
| 650 | 0 | _aHomogeneous spaces | |
| 710 | 2 | _aConference Board of the Mathematical Sciences | |
| 830 | 0 | _aRegional conference series in mathematics ; | |
| 942 |
_2ddc _cBOOK |
||